Titul je dostupný aj v ... 

MARC
| LEADER | 00000nam a2200000 a 4500 | ||
|---|---|---|---|
| 001 | 000268607 | ||
| 005 | 20060822152210.0 | ||
| 008 | 060822s1989 xr e 000 0 czeo | ||
| 020 | |a (leporelo) | ||
| 040 | |a SVKKK |b slo |c SVKKK |e AACR2 | ||
| 041 | 0 | |a cze | |
| 044 | |a xr |c CZ | ||
| 100 | 1 | |a Tichá, Marie, |d 1935- |4 aut | |
| 245 | 1 | 0 | |a U babičky na dvorku / |c Marie Tichá |
| 250 | |a 1. vyd. | ||
| 260 | |a Praha : |b Albatros, |c 1989 | ||
| 300 | |a Nestr. | ||
| 655 | 7 | |a leporelá |2 SVKKKPH | |
| 998 | |a BK | ||
| 090 | |g SCKHL |k Sklad Hlavná 10 prízemie |a I.60726 |j 804286 |i 2720405422 |s Absenčne | ||